00369nam a22000857a 4500008004100000082001900041245015900060260005600219300000800275230703b xxu||||| |||| 00| 0 eng d a342bCKRC 2005 aThe Popular Version of the Proposed New ConstitutionbApproved for Issue at the 109th Plenary Meeting of the Commision Held on THursday, September 1, 2005 aKenyabConstitution of Kenya Review Commisionc2005 a77p